| 000 | 00758cam a22002411 4500 | ||
|---|---|---|---|
| 001 | gs 13000001 | ||
| 003 | DLC | ||
| 005 | 20260227111313.0 | ||
| 008 | 730208s1912 dcuaf b f000 0 eng | ||
| 010 | _ags 13000001 | ||
| 035 | _a(OCoLC)555656 | ||
| 040 |
_aDLC _cODaWU _dOCoLC _dDLC |
||
| 050 | 0 | 0 |
_aQE75 _b.M7 v. 51 |
| 051 |
_aQE769 _b.W16 1912 |
||
| 100 | 1 |
_aWalcott, Charles D. _q(Charles Doolittle), _d1850-1927. |
|
| 245 | 1 | 0 |
_aCambrian Brachiopoda, _cby Charles D. Walcott. |
| 260 |
_aWashington, _bGovt. print. off., _c1912. |
||
| 300 |
_a2 v. _billus., civ pl. _c30 cm. |
||
| 410 | 2 | 0 |
_aGeological Survey (U.S.). _tMonographs, _vv. 51 |
| 504 | _aBibliography: p. 13-26. | ||
| 505 | 0 | _apt. 1. Text.--pt. 2. Plates. | |
| 650 | 0 | _aBrachiopoda, Fossil. | |
| 999 |
_c25217 _d25217 |
||